Estudio sobre la prospectiva económica, social y medioambiental de las sociedades de Las Illes Balears en el horizonte 2030 (H2030) (Registro nro. 51679)
[ vista simple ]
| 000 -CABECERA | |
|---|---|
| Longitud fija campo de control | 01593nam a2200373 c 4500 |
| 001 - NÚMERO DE CONTROL | |
| Número de control | 51679 |
| 003 - IDENTIFICADOR DE NÚMERO DE CONTROL | |
| Identificador del número de control | ES-MaCES |
| 005 - FECHA Y HORA DE LA ÚLTIMA TRANSACCIÓN | |
| Fecha y hora de la última transacción | 20210210110730.0 |
| 008 - CAMPO FIJO DE DESCRIPCIÓN FIJA--INFORMACIÓN GENERAL | |
| Códigos de información de longitud fija | 201229s2020 sp o000 | cat d |
| 017 ## - NÚMERO DE REGISTRO DE DERECHOS DE AUTOR Y DEPÓSITO LEGAL | |
| Número de copyright o de depósito legal | PM 169-2020 |
| Agencia que asigna el número | DL |
| 020 ## - ISBN (INTERNATIONAL STANDARD BOOK NUMBER) | |
| Número Internacional Normalizado para Libros (ISBN) | 9788409186204 |
| 040 ## - FUENTE DE CATALOGACIÓN | |
| Centro catalogador de origen | ES-MaCES |
| Lengua de catalogación | spa |
| Centro transcriptor | ES-MaCES |
| 041 1# - CÓDIGO DE IDIOMA | |
| Código de lengua del texto;banda sonora o título independiente | bal |
| Código de lengua original | spa |
| 245 00 - MENCIÓN DE TÍTULO | |
| Título | Estudio sobre la prospectiva económica, social y medioambiental de las sociedades de Las Illes Balears en el horizonte 2030 (H2030) |
| Mención de responsabilidad, etc. | CES-UIB, Consell Econòmic i Social de les Illes Balears, Universitat de les Illes Balears |
| 260 ## - PUBLICACIÓN, DISTRIBUCIÓN, ETC (PIE DE IMPRENTA) | |
| Lugar de publicación, distribución, etc. | Palma de Mallorca |
| Nombre del editor, distribuidor, etc. | CES Illes Balears |
| Fecha de publicación, distribución, etc. | [2020] |
| 300 ## - DESCRIPCIÓN FÍSICA | |
| Extensión | 508 p. |
| Otras características físicas | mapas, gráf. col. |
| Dimensiones | 30 cm |
| 500 ## - NOTA GENERAL | |
| Nota general | Traducción de: Estudi sobre la prospectiva econòmica, social i medioambiental de les societats de les Illes Balears a l'horitzó 2030 (H2030) |
| 504 ## - NOTA DE BIBLIOGRAFÍA, ETC. | |
| Nota de bibliografía, etc. | Bibliografía |
| 541 ## - NOTA DE LA FUENTE INMEDIANTE DE ADQUISICIÓN | |
| Forma de adquisición | Gratuito |
| 650 #4 - ASIENTO SECUNDARIO DE MATERIA--TÉRMINO DE MATERIA | |
| Término de materia o nombre geográfico como elemento inicial | condiciones económicas |
| 9 (RLIN) | 27081 |
| 650 #4 - ASIENTO SECUNDARIO DE MATERIA--TÉRMINO DE MATERIA | |
| Término de materia o nombre geográfico como elemento inicial | condiciones sociales |
| 9 (RLIN) | 30469 |
| 650 #4 - ASIENTO SECUNDARIO DE MATERIA--TÉRMINO DE MATERIA | |
| Término de materia o nombre geográfico como elemento inicial | medio ambiente |
| 9 (RLIN) | 28715 |
| 650 #4 - ASIENTO SECUNDARIO DE MATERIA--TÉRMINO DE MATERIA | |
| Término de materia o nombre geográfico como elemento inicial | protección ambiental |
| 9 (RLIN) | 29423 |
| 650 #4 - ASIENTO SECUNDARIO DE MATERIA--TÉRMINO DE MATERIA | |
| Término de materia o nombre geográfico como elemento inicial | predicción económica |
| 9 (RLIN) | 27072 |
| 650 #4 - ASIENTO SECUNDARIO DE MATERIA--TÉRMINO DE MATERIA | |
| Término de materia o nombre geográfico como elemento inicial | técnica de predicción |
| 9 (RLIN) | 28900 |
| 650 #4 - ASIENTO SECUNDARIO DE MATERIA--TÉRMINO DE MATERIA | |
| Término de materia o nombre geográfico como elemento inicial | Baleares (Comunidad Autónoma) |
| 9 (RLIN) | 30884 |
| 650 #4 - ASIENTO SECUNDARIO DE MATERIA--TÉRMINO DE MATERIA | |
| Término de materia o nombre geográfico como elemento inicial | 2030 |
| 9 (RLIN) | 31920 |
| 653 10 - TÉRMINO DE INDEXACIÓN--NO CONTROLADO | |
| Término no controlado | Condiciones económicas |
| 710 2# - ENCABEZAMIENTO SECUNDARIO--NOMBRE CORPORATIVO | |
| Nombre de entidad o nombre de jurisdicción como elemento inicial | Consejo Económico y Social de las Islas Baleares |
| 9 (RLIN) | 2444 |
| 710 2# - ENCABEZAMIENTO SECUNDARIO--NOMBRE CORPORATIVO | |
| Nombre de entidad o nombre de jurisdicción como elemento inicial | Universitat de les Illes Balears |
| 9 (RLIN) | 5404 |
| 740 02 - ENCABEZAMIENTO SECUNDARIO--TÍTULO ANALÍTICO/RELACIONADO NO CONTROLADO | |
| Título relacionado o analítico no controlado | Estudi sobre la prospectiva econòmica, social i medioambiental de les societats de les Illes Balears a l'horitzó 2030 (H2030) |
| 902 ## - CES. TIPO DE DOCUMENTO | |
| Tipodoc (006$c Sirtex) | LIB Libro |
| 942 ## - ELEMENTOS KOHA | |
| Fuente de clasificaión o esquema | Clasificación propia del CES |
| Koha [por defecto] tipo de item | Monografías |
| Parte de clasificación | Economía |
| Número de registro | Signatura completa | Tipo de item de Koha |
|---|---|---|
| 092149 | CES BALEARES-39 | Monografías |
